000 00625nam a2200241Ia 4500
003 OSt
005 20221007070157.0
006 a|||||r|||| 00| 0
007 ta
008 221006b |||||||| |||| 00| 0 eng d
020 _cRs. 125/-
024 _a10,567
037 _cTextual
040 _aFLL
_cFLL
_beng
041 _2eng
_aeng
082 _aX:54(z), P4
100 _aGoel Hemant
_9311776
245 0 _aInternational trade law
260 _aFaridabad
_bNew ERA Publications India
_c2004
300 _a198p,71p
_ccm.
942 _hX:54(z), P4
_cTEXL
_2CC
999 _c1139662
_d1139662